000 00425nam a2200145 4500
001 148662
003 ES-MaACL
005 20230906202743.0
007 t|
008 070214s1960 sp r ||||1| spa d
100 1 _aStuñiga, Fernando de.
_9108505
245 1 0 _aVersos buenos y malos
_b: poesías /
_cFernando de Stuñiga.
260 _aBarcelona :
_b[s. n.],
_c1960 (
_fImp. Núñez)
852 _aES-MaACL
_jC-19679
_bR.47121
999 _c148662
_d148662